Různé způsoby stanovení počtu shluků ve shlukové analýze
Pojem zhluková analýza. Zhluková analýza v praktických príkladoch.
Salvato in:
| Autore principale: | |
|---|---|
| Natura: | Capitolo di libro |
| Lingua: | ceco |
| Soggetti: | |
| Tags: |
Nessun Tag, puoi essere il primo ad aggiungerne!!
|
MARC
| LEADER | 00000naa a2200000 4500 | ||
|---|---|---|---|
| 001 | 0234553 | ||
| 005 | 20220728114623.4 | ||
| 041 | 0 | |a cze | |
| 044 | |a SK | ||
| 245 | 1 | 0 | |a Různé způsoby stanovení počtu shluků ve shlukové analýze |c Tomáš Löster |
| 520 | |a Pojem zhluková analýza. Zhluková analýza v praktických príkladoch. | ||
| 610 | 2 | 0 | |a analýza zhluková |
| 610 | 2 | 0 | |a klaster |
| 610 | 2 | 0 | |a analýza štatistická viacrozmerná |
| 610 | 2 | 0 | |a metódy štatistické viacrozmerné |
| 100 | 1 | |a Löster, Tomáš | |